000 00441nam a22001817a 4500
005 20251108170735.0
008 250721s1995 xx 000 0 eng d
082 1 4 _aR/581.03/ARO
100 1 _aArora, Madhu
245 1 0 _aDictionary of botany /
250 _a2nd
264 1 _aNew Delhi :
_bAnmal publications PVT LTD,
_c1995.
300 _a392p.
650 1 7 _aBotany
650 1 7 _aDictionaries
942 _2ddc
_cREF
999 _c47888
_d47888